|
|
|
|
| LEADER |
00000naa2a2200000 4500 |
| 001 |
636016 |
| 005 |
20250825152533.0 |
| 035 |
|
|
|a (RuTPU)RU\TPU\conf\37873
|
| 035 |
|
|
|a RU\TPU\conf\37870
|
| 090 |
|
|
|a 636016
|
| 100 |
|
|
|a 20230626d2023 k y0rusy50 ca
|
| 101 |
0 |
|
|a rus
|
| 102 |
|
|
|a RU
|
| 135 |
|
|
|a drcn ---uucaa
|
| 181 |
|
0 |
|a i
|
| 182 |
|
0 |
|a b
|
| 200 |
1 |
|
|a Водное выщелачивание отработанного ванадиевого катализатора
|f А. А. Миклашевич
|g науч. рук. А. А. Смороков
|
| 203 |
|
|
|a Текст
|c электронный
|
| 225 |
1 |
|
|a Охрана окружающей среды и рациональное использование природных ресурсов
|
| 300 |
|
|
|a Заглавие с титульного экрана
|
| 320 |
|
|
|a [Библиогр.: с. 236 (2 назв.)]
|
| 461 |
|
1 |
|0 (RuTPU)RU\TPU\conf\37590
|t Химия и химическая технология в XXI веке
|o материалы XXIV Международной научно-практической конференции студентов и молодых ученых имени выдающихся химиков Л. П. Кулёва и Н. М. Кижнера, посвященной 85-летию со дня рождения профессора А. В. Кравцова, Томск, 15-19 мая 2023 г.
|o в 2 т.
|f Национальный исследовательский Томский политехнический университет (ТПУ) ; Инженерная школа природных ресурсов ; Инженерная школа новых производственных технологий ; Исследовательская школа химических и биомедицинских технологий ; Инженерная школа ядерных технологий
|d 2023
|
| 463 |
|
1 |
|0 (RuTPU)RU\TPU\conf\37592
|t Т. 2
|v [С. 235-236]
|d 2023
|
| 610 |
1 |
|
|a труды учёных ТПУ
|
| 610 |
1 |
|
|a электронный ресурс
|
| 610 |
1 |
|
|a водное выщелачивание
|
| 610 |
1 |
|
|a отработанные катализаторы
|
| 610 |
1 |
|
|a ванадиевые катализаторы
|
| 610 |
1 |
|
|a переработка
|
| 700 |
|
1 |
|a Миклашевич
|b А. А.
|
| 702 |
|
1 |
|a Смороков
|b А. А.
|c химик-технолог
|c старший преподаватель, младший научный сотрудник Томского политехнического университета
|f 1993-
|g Андрей Аркадьевич
|4 727
|
| 712 |
0 |
2 |
|a Национальный исследовательский Томский политехнический университет
|b Инженерная школа ядерных технологий
|b Отделение ядерно-топливного цикла
|3 (RuTPU)RU\TPU\col\23554
|
| 801 |
|
2 |
|a RU
|b 63413507
|c 20230802
|g RCR
|
| 856 |
4 |
|
|u http://earchive.tpu.ru/handle/11683/76918
|
| 942 |
|
|
|c CF
|